000 00565nas a2200229Ia 4500
001 A10/R147-33586
003 IT-MiCISF
005 20250718180422.0
008 161014c99999999xx |||||||||||| ||und||
040 _aIT-MiCISF
_cIT-MiCISF
041 _ait
100 _aSerra Angelo
_959506
245 0 _aLa rivoluzione genomica
250 _a"La civiltà cattolica", n. 3623, 2 giugno
260 _c2001
300 _app. 439-453
500 _abioetica, genetica, storia
650 _aBioetica
654 _aarticolo
942 _cCR
_2ddc
999 _c239495
_d239495
999 _bSi